| 000 | 01306cas a2200337 a 4500 | ||
|---|---|---|---|
| 005 | 20090827142945.0 | ||
| 008 | 751101c19239999nyuar s 0 a0eng d | ||
| 020 |
_a9781600571053 _c$12.99 |
||
| 037 | _bGDMK | ||
| 040 |
_adpl _bEnglish |
||
| 082 | _a317 | ||
| 210 | _aWorld alm. book facts | ||
| 222 | _aThe World almanac & book of facts | ||
| 245 | _aThe World almanac and book of facts. | ||
| 246 | _aWorld almanac & book of facts | ||
| 260 |
_aNew York _bWorld Almanac Books _c2009 |
||
| 270 |
_a1, Readers Digest Road,Pleasantville _bNew York _e10570-7000 |
||
| 300 |
_a1008p.: _bill., maps _c22 cm.(pbk) |
||
| 310 | _aAnnual | ||
| 362 | _a1923- | ||
| 500 | _aAt head of title: The World. | ||
| 500 | _aImprint varies: Mahwah, N.J. : World Almanac Books, <1997->; New York, NY, <2002->; published by World Almanac Education Group, <2007-> | ||
| 500 | _aLatest issue consulted: 2007. | ||
| 580 | _aVol. for 1997 accompanied by the CD-ROM: Multimedia world factbook, which is also issued separately. | ||
| 590 | _aSERBIB/SERLOC merged record | ||
| 650 | _aAlmanacs, American. | ||
| 650 |
_aStatistics _vPeriodicals. |
||
| 942 |
_2ddc _cEN _h317 _mWOR |
||
| 999 |
_c29884 _d29884 |
||